| 000 | 00000nam 2200000zi 4500 |
| 001 | 9.901620 |
| 003 | CaOODSP |
| 005 | 20260417102950 |
| 006 | m o d f |
| 007 | cr cn||||||||| |
| 008 | 210713t20212021qucab ob f000 0 eng d |
| 020 | |a9780660396149 |
| 040 | |aCaOODSP|beng|erda|cCaOODSP |
| 043 | |an-cn-on |
| 086 | 1 |aTU3-11/21-0007E-PDF |
| 110 | 2 |aTransportation Safety Board of Canada.|eauthor,|eissuing body. |
| 245 | 10|aUncontrolled movement resulting in a non–main-track train derailment, Goderich Exeter Railway, train 581-01, Parrish & Heimbecker Limited elevator facility at the Port of Goderich, mile 45.9, Goderich subdivision, Goderich (Ontario), 01 February 2021. |
| 264 | 1|aGatineau, Québec : |bTransportation Safety Board of Canada = Bureau de la sécurité des transports du Canada, |c2021. |
| 264 | 4|c©2021 |
| 300 | |a1 online resource (9 pages) : |billustrations, maps. |
| 336 | |atext|btxt|2rdacontent |
| 337 | |acomputer|bc|2rdamedia |
| 338 | |aonline resource|bcr|2rdacarrier |
| 490 | 1 |aRailway transportation safety investigation report ; |vR21T0007 |
| 500 | |aIssued also in French under title: Mouvement non contrôlé ayant entraîné un déraillement de train en voie non principale, Goderich-Exeter Railway Train 581-01, installation de silos-élévateurs de Parrish & Heimbecker Limited au port de Goderich, Point milliaire 45,9, subdivision de Goderich, Goderich (Ontario), 1er février 2021. |
| 500 | |aIssued also in HTML format. |
| 500 | |aCover title. |
| 500 | |a"Released 15 July 2021." |
| 504 | |aIncludes bibliographical references. |
| 650 | 0|aRailroad accidents|xInvestigation|zOntario. |
| 775 | 08|tMouvement non contrôlé ayant entraîné un déraillement de train en voie non principale, Goderich-Exeter Railway, train 581-01, installation de silos-élévateurs de Parrish & Heimbecker Limited au port de Goderich, point milliaire 45,9, subdivision de Goderich, Goderich (Ontario), 1er février 2021.|w(CaOODSP)9.901621 |
| 830 | #0|aRail transportation safety investigation report ;|vR21T0007.|w(CaOODSP)9.849724 |
| 856 | 40|qPDF|s1.50 MB|uhttps://publications.gc.ca/collections/collection_2022/bst-tsb/TU3-11-21-0007-eng.pdf |
| 856 | 4 |qHTML|sN/A|uhttps://www.tsb.gc.ca/eng/rapports-reports/rail/2021/r21t0007/r21t0007.html |